000 01158nam a2200289 a 4500
001 000040861
003 DO-SdBNP
005 20250529114904.0
008 130910s1977 mx a 000 0 spa d
040 _aDO-SdBNP
_bspa
_cBNPHU
082 _a320.98
_bG373p, 1977
100 1 _aGermani, Gino
_951035
245 1 0 _aPopulismo y contradicciones de clase en latinoamérica /
_cGino Germani, Torcuato S. di Tella, Octavio Ianni; selección y presentación Gino Ianni.
250 _a2a. ed.
260 _aMéxico, D.F. :
_bEdiciones Era,
_c1977.
300 _a150 p. :
_bil. ;
_c18 cm.
490 1 _aPopular era
_v21
505 0 _aDemocracia representativa y clases populares /
_rGino Germani --
_tPopulismo y reformismo /
_rTorcuato S. di Tella --
_tPopulismo y relaciones de clase /
_rOctavio Ianni
650 0 _aClases sociales
_zAmérica Latina
_91062
651 4 _aAmérica Latina
_xPolítica y gobierno
_92618
651 4 _aAmérica Latina
_xCondiciones sociales
_95034
700 1 2 _aDi Tella, Torcuato S.
_967285
700 1 2 _aIanni, Octavio
_967286
830 0 _aPopular era
_n21
_961641
910 _aValidado. Control de calidad MFF
942 _2ddc
_cLBS1
999 _c40351
_d40351